<?xml version="1.0" encoding="UTF-8"?>
<record
    xmlns:xsi="http://www.w3.org/2001/XMLSchema-instance"
    xsi:schemaLocation="http://www.loc.gov/MARC21/slim http://www.loc.gov/standards/marcxml/schema/MARC21slim.xsd"
    xmlns="http://www.loc.gov/MARC21/slim">

  <leader>00608nam a22001937a 4500</leader>
  <datafield tag="999" ind1=" " ind2=" ">
    <subfield code="c">7382</subfield>
    <subfield code="d">7382</subfield>
  </datafield>
  <controlfield tag="005">20211021111718.0</controlfield>
  <controlfield tag="008">211021b           ||||| |||| 00| 0 eng d</controlfield>
  <datafield tag="020" ind1=" " ind2=" ">
    <subfield code="a">9788441543256</subfield>
  </datafield>
  <datafield tag="040" ind1=" " ind2=" ">
    <subfield code="a">CDMR</subfield>
  </datafield>
  <datafield tag="100" ind1=" " ind2=" ">
    <subfield code="9">4681</subfield>
    <subfield code="a">Ivars, Ana</subfield>
  </datafield>
  <datafield tag="245" ind1=" " ind2=" ">
    <subfield code="a">Publicidad en Facebook e Instagram</subfield>
    <subfield code="b">: curso pr&#xE1;ctico para crear anuncios que venden</subfield>
    <subfield code="c">/ Ana Ivars</subfield>
  </datafield>
  <datafield tag="260" ind1=" " ind2=" ">
    <subfield code="a">Madrid</subfield>
    <subfield code="b">: Anaya</subfield>
    <subfield code="c">, 2021</subfield>
  </datafield>
  <datafield tag="300" ind1=" " ind2=" ">
    <subfield code="a">327 p&#xE0;gines</subfield>
    <subfield code="b">: il&#xB7;lustracions i gr&#xE0;fiques</subfield>
    <subfield code="c">; 24 cm</subfield>
  </datafield>
  <datafield tag="490" ind1=" " ind2=" ">
    <subfield code="a">Social Business</subfield>
  </datafield>
  <datafield tag="650" ind1=" " ind2="0">
    <subfield code="9">1455</subfield>
    <subfield code="a">Publicitat audiovisual</subfield>
  </datafield>
  <datafield tag="650" ind1=" " ind2="0">
    <subfield code="9">4682</subfield>
    <subfield code="a">Facebook</subfield>
  </datafield>
  <datafield tag="650" ind1=" " ind2="0">
    <subfield code="9">4683</subfield>
    <subfield code="a">Instagram</subfield>
  </datafield>
  <datafield tag="942" ind1=" " ind2=" ">
    <subfield code="2">udc</subfield>
    <subfield code="c">MON</subfield>
  </datafield>
  <datafield tag="952" ind1=" " ind2=" ">
    <subfield code="0">0</subfield>
    <subfield code="1">0</subfield>
    <subfield code="2">udc</subfield>
    <subfield code="4">0</subfield>
    <subfield code="7">0</subfield>
    <subfield code="a">CDMR</subfield>
    <subfield code="b">CDMR</subfield>
    <subfield code="d">2021-10-21</subfield>
    <subfield code="e">Donaci&#xF3;</subfield>
    <subfield code="g">21.80</subfield>
    <subfield code="l">1</subfield>
    <subfield code="o">Cc 3/51</subfield>
    <subfield code="p">CDMR21100008</subfield>
    <subfield code="r">2024-06-13</subfield>
    <subfield code="s">2024-02-15</subfield>
    <subfield code="w">2021-10-21</subfield>
    <subfield code="y">MON</subfield>
  </datafield>
</record>
